[Event "14PCR_PF04"]
[Site "?"]
[Date "2003.??.??"]
[Round "?"]
[White "Malinovsky, Leo"]
[Black "Goc, Pavel"]
[Result "0-1"]
[WhiteElo "1915"]
[BlackElo "2215"]
[PlyCount "82"]
[EventDate "2003.??.??"]
[EventType "corr"]
[EventRounds "2"]
[SourceDate "2004.??.??"]

1. d4 Nf6 2. c4 e6 3. Nf3 b6 4. Nc3 Bb7 5. a3 d5 6. cxd5 Nxd5 7. Qc2 Nxc3 8.
bxc3 c5 9. e4 Nd7 10. Bf4 cxd4 11. cxd4 Rc8 12. Qb3 Be7 13. Bd3 Nf6 14. Qa4+
Bc6 15. Bb5 Bxb5 16. Qxb5+ Qd7 17. Qxd7+ Nxd7 18. Ke2 O-O 19. Rhc1 f5 20. e5 h6
21. Rxc8 Rxc8 22. h3 b5 23. Bd2 Nb6 24. Ba5 Nd5 25. Bd2 Rc4 26. Rb1 a6 27. Rb3
Ra4 28. Bc1 Nb6 29. Ne1 Rxd4 30. f4 Kf7 31. g3 Re4+ 32. Kf2 g5 33. Nd3 gxf4 34.
gxf4 Nd5 35. Kf3 Ke8 36. Kf2 Kd7 37. Kf3 Kc6 38. Bd2 Ra4 39. Bc1 a5 40. Nf2 Rc4
41. Nd3 a4 0-1

[Event "14PCR_PF04"]
[Site "?"]
[Date "2003.??.??"]
[Round "?"]
[White "Petricek, Jiri"]
[Black "Goc, Pavel"]
[Result "0-1"]
[WhiteElo "1875"]
[BlackElo "2215"]
[PlyCount "50"]
[EventDate "2003.??.??"]
[EventType "corr"]
[EventRounds "2"]
[SourceDate "2004.??.??"]

1. e4 e5 2. Nf3 Nc6 3. Nc3 Nf6 4. a3 Be7 5. Bc4 Nxe4 6. Nxe4 d5 7. Bb5 dxe4 8.
Nxe5 Qd5 9. Qh5 O-O 10. Bxc6 bxc6 11. c4 Qe6 12. Ng4 Qxg4 13. Qxg4 Bxg4 14. h3
Be6 15. b3 Rab8 16. Rb1 Bxc4 17. b4 c5 18. b5 c6 19. a4 cxb5 20. axb5 Rxb5 21.
Ra1 Bf6 22. Rxa7 Rb1 23. Kd1 Bb2 24. d3 exd3 25. Kd2 Re8 0-1

[Event "14PCR_PF04"]
[Site "?"]
[Date "2003.??.??"]
[Round "?"]
[White "Malinovsky, Leo"]
[Black "Kuchta, Jiri"]
[Result "0-1"]
[WhiteElo "1915"]
[BlackElo "2215"]
[PlyCount "86"]
[EventDate "2003.??.??"]
[EventType "corr"]
[EventRounds "2"]
[SourceDate "2004.??.??"]

1. d4 d5 2. c4 c6 3. Nf3 Nf6 4. Nc3 e6 5. Bg5 dxc4 6. e4 b5 7. e5 h6 8. Bh4 g5
9. Nxg5 hxg5 10. Bxg5 Be7 11. exf6 Bxf6 12. Bxf6 Qxf6 13. g3 Na6 14. Ne4 Qe7
15. Qd2 Bb7 16. Bg2 O-O-O 17. h4 c5 18. Qa5 cxd4 19. Qxb5 Qb4+ 20. Qxb4 Nxb4
21. Kf1 Nd3 22. Rb1 e5 23. g4 Rh6 24. Nd2 Bxg2+ 25. Kxg2 Rc6 26. h5 Kc7 27. h6
c3 28. bxc3 dxc3 29. Nb3 c2 30. Rbf1 Kd6 31. h7 Nf4+ 32. Kf3 Rc3+ 33. Ke4 Ke6
34. Rh6+ Ng6 35. f4 exf4 36. Re1 Kf6 37. Rh5 Rxb3 38. axb3 Re8+ 39. Kd3 Rxe1
40. Kxc2 Kg7 41. Kd3 f3 42. Rh2 Kh8 43. Kd2 Rb1 0-1

[Event "14PCR_PF04"]
[Site "?"]
[Date "2003.??.??"]
[Round "?"]
[White "Houdek, Vladimir"]
[Black "Rychtecky, Pavel"]
[Result "1/2-1/2"]
[WhiteElo "2105"]
[BlackElo "2200"]
[PlyCount "100"]
[EventDate "2003.??.??"]
[EventType "corr"]
[EventRounds "2"]
[SourceDate "2004.??.??"]

1. d4 Nf6 2. c4 d5 3. cxd5 Qxd5 4. Nc3 Qa5 5. Nf3 Nbd7 6. Qb3 c6 7. e3 e6 8.
Bd3 Bd6 9. O-O O-O 10. Bd2 Qh5 11. Ne2 c5 12. Rac1 b6 13. Ng3 Bxg3 14. fxg3 Bb7
15. Be2 Rfd8 16. a3 Ne4 17. Qd1 Qh6 18. Rc2 Rac8 19. Bc1 e5 20. Bd3 Qd6 21. Qe2
Nxg3 22. Bxh7+ Kxh7 23. hxg3 Kg8 24. dxe5 Nxe5 25. e4 Nd3 26. e5 Qg6 27. Nh4
Qe6 28. Bg5 Rd5 29. Nf5 Rxe5 30. Ne7+ Qxe7 31. Bxe7 Rxe2 32. Rxe2 Re8 33. b3
Ba6 34. Re3 f6 35. Bxc5 Ne5 36. Bd4 Bxf1 37. Kxf1 Kf7 38. Ke2 Ke6 39. Rc3 Kd5
40. Bxe5 Rxe5+ 41. Kf3 a5 42. g4 g6 43. Rc8 Kd6 44. b4 axb4 45. axb4 g5 46. g3
Kd7 47. Rc1 Re6 48. b5 Re5 49. Rc6 Rxb5 50. Rxf6 Kc7 1/2-1/2

[Event "14PCR_PF04"]
[Site "?"]
[Date "2003.??.??"]
[Round "?"]
[White "Janecek, Josef"]
[Black "Bednarik, Radovan"]
[Result "1-0"]
[WhiteElo "2185"]
[BlackElo "2190"]
[PlyCount "77"]
[EventDate "2003.??.??"]
[EventType "corr"]
[EventRounds "2"]
[SourceDate "2004.??.??"]

1. e4 e5 2. Nf3 d6 3. d4 exd4 4. Qxd4 Nc6 5. Bb5 Bd7 6. Bxc6 Bxc6 7. Nc3 Nf6 8.
Bg5 Be7 9. O-O-O h6 10. Bh4 O-O 11. Rhe1 Re8 12. e5 dxe5 13. Qc4 Bd6 14. Nxe5
Bxe5 15. Rxd8 Raxd8 16. Re3 Bxg2 17. Bg3 Bxg3 18. Rxe8+ Rxe8 19. hxg3 Re1+ 20.
Kd2 Re7 21. b3 Rd7+ 22. Kc1 a6 23. a4 g5 24. Nd1 Bd5 25. Qc3 Kg7 26. Ne3 Be6
27. f4 Kg6 28. Qe5 gxf4 29. gxf4 Bh3 30. f5+ Kg5 31. Nc4 Bg4 32. Qe3+ Kxf5 33.
Qc5+ Kg6 34. Ne5+ Kg7 35. Nxd7 Bxd7 36. Qxc7 Bc6 37. b4 h5 38. c4 Kg6 39. b5
1-0

[Event "14PCR_PF04"]
[Site "?"]
[Date "2003.??.??"]
[Round "?"]
[White "Janecek, Josef"]
[Black "Petricek, Jiri"]
[Result "1-0"]
[WhiteElo "2185"]
[BlackElo "1875"]
[PlyCount "35"]
[EventDate "2003.??.??"]
[EventType "corr"]
[EventRounds "2"]
[SourceDate "2004.??.??"]

1. e4 e6 2. d4 d5 3. Nd2 Nf6 4. e5 Nfd7 5. Bd3 c5 6. c3 Nc6 7. Ngf3 Qb6 8. O-O
cxd4 9. cxd4 Nxd4 10. Nxd4 Qxd4 11. Nf3 Qb6 12. b3 Bc5 13. Bb2 O-O 14. Bxh7+
Kxh7 15. Ng5+ Kh6 16. Qd3 f5 17. Qh3+ Kxg5 18. Qh7 1-0

[Event "14PCR_PF04"]
[Site "?"]
[Date "2003.??.??"]
[Round "?"]
[White "Bednarik, Radovan"]
[Black "Houdek, Vladimir"]
[Result "1/2-1/2"]
[WhiteElo "2190"]
[BlackElo "2105"]
[PlyCount "68"]
[EventDate "2003.??.??"]
[EventType "corr"]
[EventRounds "2"]
[SourceDate "2004.??.??"]

1. d4 d5 2. c4 dxc4 3. Nf3 Nf6 4. e3 e6 5. Bxc4 c5 6. O-O a6 7. dxc5 Qxd1 8.
Rxd1 Bxc5 9. Be2 b5 10. b3 Bb7 11. Bb2 Nbd7 12. Nbd2 O-O 13. a4 bxa4 14. Rxa4
Nb6 15. Raa1 a5 16. Ne5 Rfd8 17. Nd3 Be7 18. Ne5 Bb4 19. Ndc4 Nxc4 20. Nxc4 Nd5
21. Bf3 f6 22. h4 Bc6 23. e4 Nc3 24. Rxd8+ Rxd8 25. Nxa5 Bxe4 26. Bxe4 Nxe4 27.
Nc6 Rd2 28. Bd4 Bd6 29. Be3 Rb2 30. Ra8+ Kf7 31. Ra7+ Kg6 32. g4 h5 33. gxh5+
Kxh5 34. Rxg7 Rxb3 1/2-1/2

[Event "14PCR_PF04"]
[Site "?"]
[Date "2003.??.??"]
[Round "?"]
[White "Rychtecky, Pavel"]
[Black "Malinovsky, Leo"]
[Result "1-0"]
[WhiteElo "2200"]
[BlackElo "1915"]
[PlyCount "61"]
[EventDate "2003.??.??"]
[EventType "corr"]
[EventRounds "2"]
[SourceDate "2004.??.??"]

1. e4 c5 2. Nf3 d6 3. d4 cxd4 4. Nxd4 Nf6 5. Nc3 a6 6. Be2 e6 7. O-O Be7 8. f4
O-O 9. Be3 Qc7 10. g4 Nc6 11. g5 Nd7 12. f5 Qb6 13. f6 gxf6 14. Nf5 Qxb2 15.
Nxe7+ Nxe7 16. gxf6 Ng6 17. Qd2 Qb4 18. Rab1 Qa3 19. Rb3 Qa5 20. Bb6 Qe5 21.
Bd4 Kh8 22. Bxe5 dxe5 23. a4 Rg8 24. Kh1 Nf4 25. Qd6 Rg6 26. Rg1 Rxf6 27. Rxb7
Nxe2 28. Rxd7 Bxd7 29. Nxe2 Rg6 30. Qxd7 Kg7 31. Ng3 1-0

[Event "14PCR_PF04"]
[Site "?"]
[Date "2003.??.??"]
[Round "?"]
[White "Kuchta, Jiri"]
[Black "Goc, Pavel"]
[Result "1-0"]
[WhiteElo "2215"]
[BlackElo "2215"]
[PlyCount "93"]
[EventDate "2003.??.??"]
[EventType "corr"]
[EventRounds "2"]
[SourceDate "2004.??.??"]

1. c4 Nf6 2. Nc3 e5 3. Nf3 Nc6 4. g3 Bb4 5. Bg2 O-O 6. O-O e4 7. Ng5 Bxc3 8.
bxc3 Re8 9. d3 exd3 10. exd3 d6 11. Rb1 h6 12. Nf3 Rb8 13. Re1 Bd7 14. Rxe8+
Qxe8 15. Rb2 Qc8 16. Nd4 Nxd4 17. cxd4 b5 18. d5 Bg4 19. Qc2 a6 20. Qc3 Nd7 21.
cxb5 axb5 22. Rb4 Nc5 23. Be3 Bf5 24. Bxc5 dxc5 25. Qxc5 Bxd3 26. h3 Qd8 27. a3
Rb6 28. a4 bxa4 29. Rxa4 Qd6 30. Ra8+ Kh7 31. Qe3 Bf5 32. h4 Rb1+ 33. Kh2 Rb4
34. Qe8 Rxh4+ 35. Kg1 Rc4 36. Qxf7 Rc1+ 37. Kh2 Qf6 38. Qg8+ Kg6 39. Qe8+ Kh7
40. Be4 Bxe4 41. Qxe4+ g6 42. Kg2 Ra1 43. Rc8 Ra7 44. Qe6 Qxe6 45. dxe6 c5 46.
Rd8 Rg7 47. Rd7 1-0

[Event "14PCR_PF04"]
[Site "?"]
[Date "2003.??.??"]
[Round "?"]
[White "Petricek, Jiri"]
[Black "Kuchta, Jiri"]
[Result "0-1"]
[WhiteElo "1875"]
[BlackElo "2215"]
[PlyCount "44"]
[EventDate "2003.??.??"]
[EventType "corr"]
[EventRounds "2"]
[SourceDate "2004.??.??"]

1. e4 c5 2. Nf3 Nc6 3. d4 cxd4 4. Nxd4 Nf6 5. Nc3 e5 6. Ndb5 d6 7. Bg5 a6 8.
Na3 Be7 9. Nc4 O-O 10. Bxf6 Bxf6 11. Nxd6 Be6 12. Qd3 Qc7 13. Be2 Rfd8 14. Rc1
Bg5 15. O-O Bxc1 16. b3 Bh6 17. Rd1 Nb4 18. Qg3 Rxd6 19. Nd5 Nxd5 20. Qxe5 Bf4
21. Qh5 Nf6 22. Qh4 Rxd1+ 0-1

[Event "14PCR_PF04"]
[Site "?"]
[Date "2003.??.??"]
[Round "?"]
[White "Goc, Pavel"]
[Black "Rychtecky, Pavel"]
[Result "0-1"]
[WhiteElo "2215"]
[BlackElo "2200"]
[PlyCount "68"]
[EventDate "2003.??.??"]
[EventType "corr"]
[EventRounds "2"]
[SourceDate "2004.??.??"]

1. e4 c6 2. Nc3 d5 3. Nf3 Bg4 4. h3 Bxf3 5. Qxf3 e6 6. d4 dxe4 7. Nxe4 Qxd4 8.
c3 Qd5 9. Bg5 f5 10. Nd2 Qxf3 11. Nxf3 h6 12. Be3 Nf6 13. Bc4 Nd5 14. O-O-O Nd7
15. Rhe1 Kf7 16. g3 Bc5 17. Bd4 Rad8 18. Re2 Rhe8 19. Rde1 g6 20. Kc2 a5 21.
Ne5+ Nxe5 22. Bxe5 b5 23. Bd3 Re7 24. g4 Red7 25. a3 Bd6 26. gxf5 exf5 27. f3
Nf4 28. Bxf4 Bxf4 29. Rd1 c5 30. c4 b4 31. axb4 cxb4 32. b3 a4 33. bxa4 b3+ 34.
Kc3 b2 0-1

[Event "14PCR_PF04"]
[Site "?"]
[Date "2003.??.??"]
[Round "?"]
[White "Malinovsky, Leo"]
[Black "Bednarik, Radovan"]
[Result "0-1"]
[WhiteElo "1915"]
[BlackElo "2190"]
[PlyCount "110"]
[EventDate "2003.??.??"]
[EventType "corr"]
[EventRounds "2"]
[SourceDate "2004.??.??"]

1. d4 Nf6 2. c4 e6 3. Nf3 Bb4+ 4. Nbd2 d5 5. Qa4+ Nc6 6. a3 Be7 7. e3 O-O 8.
Bd3 Qd7 9. Qc2 h6 10. cxd5 exd5 11. O-O a5 12. b3 Qg4 13. h3 Qh5 14. Bb2 Bd6
15. Rfc1 Ne7 16. a4 c6 17. Ra2 Bf5 18. Bxf5 Nxf5 19. Ba3 Bxa3 20. Rxa3 Nd6 21.
Qc5 Rfd8 22. Ra2 Rd7 23. Ne5 Nde4 24. Nxe4 Nxe4 25. Qa3 Rdd8 26. Qe7 f6 27. Ng4
Qf7 28. Qxf7+ Kxf7 29. f3 Nd6 30. Rac2 h5 31. Nf2 Re8 32. Nd1 h4 33. Kf2 Re7
34. Rc5 g5 35. Ke2 Ne8 36. Nf2 Ng7 37. Kd2 Ne6 38. R5c3 f5 39. Nd3 f4 40. Ne5+
Kg7 41. Ng4 Rae8 42. Rd3 fxe3+ 43. Nxe3 Kg6 44. Re1 Nf4 45. Rc3 Re6 46. Rc5 b6
47. Rcc1 c5 48. dxc5 bxc5 49. Nc2 Nxg2 50. Rxe6+ Rxe6 51. Na1 Nf4 52. Rxc5 Re2+
53. Kc3 Re3+ 54. Kd4 Rxf3 55. Rxa5 g4 0-1

[Event "14PCR_PF04"]
[Site "?"]
[Date "2003.??.??"]
[Round "?"]
[White "Houdek, Vladimir"]
[Black "Janecek, Josef"]
[Result "1/2-1/2"]
[WhiteElo "2105"]
[BlackElo "2185"]
[PlyCount "68"]
[EventDate "2003.??.??"]
[EventType "corr"]
[EventRounds "2"]
[SourceDate "2004.??.??"]

1. c4 Nf6 2. d4 g6 3. Nf3 Bg7 4. g3 O-O 5. Bg2 d6 6. O-O Nc6 7. Nc3 a6 8. d5
Na5 9. Nd2 c5 10. Qc2 Rb8 11. b3 b5 12. Bb2 Bh6 13. f4 bxc4 14. bxc4 e5 15.
dxe6 Bxe6 16. Nd5 Rxb2 17. Qxb2 Bg7 18. Qc1 Bxd5 19. cxd5 Ng4 20. e4 Bxa1 21.
Qxa1 Qb6 22. Rb1 Qa7 23. Nf3 Nc4 24. h3 Nge3 25. Qc3 Rb8 26. Rb3 Rb4 27. Qf6
Qd7 28. f5 a5 29. Kf2 Nxg2 30. Kxg2 a4 31. Rc3 Rb2+ 32. Kh1 Nd2 33. Re3 Nc4 34.
Rc3 Rb1+ 1/2-1/2

[Event "14PCR_PF04"]
[Site "?"]
[Date "2003.??.??"]
[Round "?"]
[White "Houdek, Vladimir"]
[Black "Petricek, Jiri"]
[Result "1-0"]
[WhiteElo "2105"]
[BlackElo "1875"]
[PlyCount "49"]
[EventDate "2003.??.??"]
[EventType "corr"]
[EventRounds "2"]
[SourceDate "2004.??.??"]

1. d4 Nf6 2. Nf3 g6 3. g3 Bg7 4. c4 O-O 5. Bg2 d6 6. O-O Nbd7 7. Nc3 e5 8. e4
Re8 9. h3 exd4 10. Nxd4 Ne5 11. b3 Nc6 12. Be3 Nb4 13. Qd2 Bd7 14. g4 Na6 15.
Bh6 Nc5 16. Bxg7 c6 17. Bxf6 Qxf6 18. b4 Ne6 19. Nde2 Qe7 20. Rad1 d5 21. exd5
Ng7 22. Rfe1 Qxb4 23. Ne4 a5 24. Nf6+ Kh8 25. Qh6 1-0

[Event "14PCR_PF04"]
[Site "?"]
[Date "2003.??.??"]
[Round "?"]
[White "Janecek, Josef"]
[Black "Malinovsky, Leo"]
[Result "1-0"]
[WhiteElo "2185"]
[BlackElo "1915"]
[PlyCount "39"]
[EventDate "2003.??.??"]
[EventType "corr"]
[EventRounds "2"]
[SourceDate "2004.??.??"]

1. e4 c5 2. Nf3 d6 3. d4 cxd4 4. Nxd4 Nf6 5. Nc3 a6 6. Bc4 e6 7. Bb3 Nbd7 8. f4
Nc5 9. O-O b5 10. e5 Nfd7 11. f5 Nxe5 12. fxe6 fxe6 13. Kh1 Be7 14. Qh5+ g6 15.
Qh3 Qd7 16. Bh6 Rg8 17. Rae1 Nxb3 18. axb3 Rb8 19. Ne4 Nf7 20. Rxf7 1-0

[Event "14PCR_PF04"]
[Site "?"]
[Date "2003.??.??"]
[Round "?"]
[White "Bednarik, Radovan"]
[Black "Goc, Pavel"]
[Result "1-0"]
[WhiteElo "2190"]
[BlackElo "2215"]
[PlyCount "87"]
[EventDate "2003.??.??"]
[EventType "corr"]
[EventRounds "2"]
[SourceDate "2004.??.??"]

1. d4 Nf6 2. c4 e6 3. Nf3 b6 4. e3 Bb7 5. Bd3 Be7 6. Nc3 d5 7. cxd5 exd5 8. O-O
O-O 9. b3 Re8 10. Bb2 c5 11. Rc1 Nc6 12. dxc5 bxc5 13. Na4 Nd7 14. Bf5 Ncb8 15.
Ba3 Qa5 16. Qc2 g6 17. Bxd7 Nxd7 18. Bxc5 Rac8 19. b4 Qc7 20. Qd2 Nxc5 21. Nxc5
Ba8 22. a4 Qb6 23. a5 Qb5 24. Nd4 Qb8 25. Rfd1 Bd6 26. h3 Bh2+ 27. Kh1 Be5 28.
Nd7 Qd6 29. Rxc8 Rxc8 30. Nxe5 Qxe5 31. Qe2 Qd6 32. b5 Rc4 33. a6 h5 34. Qd2 f5
35. h4 Kf7 36. g3 Qc5 37. Rb1 Qe7 38. Kh2 Qe4 39. Rb4 g5 40. b6 axb6 41. Rxb6
gxh4 42. Qe2 hxg3+ 43. fxg3 Rxd4 44. Qxh5+ 1-0

[Event "14PCR_PF04"]
[Site "?"]
[Date "2003.??.??"]
[Round "?"]
[White "Rychtecky, Pavel"]
[Black "Kuchta, Jiri"]
[Result "1-0"]
[WhiteElo "2200"]
[BlackElo "2215"]
[PlyCount "145"]
[EventDate "2003.??.??"]
[EventType "corr"]
[EventRounds "2"]
[SourceDate "2004.??.??"]

1. e4 c5 2. Nf3 Nc6 3. d4 cxd4 4. Nxd4 Nf6 5. Nc3 e5 6. Ndb5 d6 7. Bg5 a6 8.
Na3 d5 9. Nxd5 Qa5+ 10. Qd2 Qxd2+ 11. Bxd2 Nxd5 12. exd5 Nb4 13. c4 Bf5 14. Bc3
f6 15. Be2 O-O-O 16. O-O Nd3 17. Rfd1 Nf4 18. Bf1 Rd7 19. Nb1 h5 20. h4 Rg8 21.
Kh2 Ne6 22. b4 Nc7 23. Nd2 g5 24. hxg5 Rxg5 25. a4 h4 26. a5 Rg8 27. Re1 Bh6
28. Ne4 Bf4+ 29. Kh1 Ne8 30. Rad1 Rdg7 31. d6 Bg4 32. Rd3 Rd7 33. c5 f5 34. c6
fxe4 35. cxd7+ Kxd7 36. Rd5 e3 37. fxe3 Bg3 38. Rc1 Nf6 39. Rxe5 Kxd6 40. Rc5
Ne4 41. Rc4 Nf2+ 42. Kg1 h3 43. gxh3 Bf3 44. Bg2 Bh4 45. Rxh4 Rxg2+ 46. Kf1 Ne4
47. Be1 Rh2 48. Rxe4 Rh1+ 49. Kf2 Bxe4 50. Rc4 Bf5 51. h4 Rh3 52. Rf4 Bc2 53.
Bc3 Kd5 54. Ba1 Be4 55. Bf6 Rh1 56. Kg3 Rg1+ 57. Kh3 Bc2 58. Bd4 Bd3 59. Rf7
Kc6 60. Bc5 Rh1+ 61. Kg3 Rg1+ 62. Kh2 Rg6 63. Rf8 Kd5 64. Rd8+ Kc4 65. Rd7 Kc3
66. Rxb7 Rg4 67. Be7 Kd2 68. Bg5 Ke2 69. Rf7 Rxb4 70. Kg3 Rb5 71. Rf2+ Kd1 72.
Bd8 Rb8 73. Bc7 1-0

[Event "14PCR_PF04"]
[Site "?"]
[Date "2003.??.??"]
[Round "?"]
[White "Petricek, Jiri"]
[Black "Rychtecky, Pavel"]
[Result "0-1"]
[WhiteElo "1875"]
[BlackElo "2200"]
[PlyCount "54"]
[EventDate "2003.??.??"]
[EventType "corr"]
[EventRounds "2"]
[SourceDate "2004.??.??"]

1. e4 c6 2. d4 d5 3. Nc3 dxe4 4. Nxe4 Bf5 5. Ng3 Bg6 6. Nf3 Nd7 7. Bd3 e6 8.
O-O Ngf6 9. Re1 Qc7 10. c3 Bd6 11. Bc4 O-O 12. Nh4 Bxg3 13. hxg3 Bh5 14. Nf3 e5
15. Bg5 e4 16. Bf4 Qb6 17. g4 Bxg4 18. Bd6 Rfe8 19. Bc5 Nxc5 20. dxc5 Qc7 21.
Bxf7+ Qxf7 22. Ng5 Qg6 23. Qb3+ Nd5 24. c4 Qxg5 25. cxd5 Bf3 26. g3 Qh5 27.
dxc6+ Kf8 0-1

[Event "14PCR_PF04"]
[Site "?"]
[Date "2003.??.??"]
[Round "?"]
[White "Kuchta, Jiri"]
[Black "Bednarik, Radovan"]
[Result "1/2-1/2"]
[WhiteElo "2215"]
[BlackElo "2190"]
[PlyCount "36"]
[EventDate "2003.??.??"]
[EventType "corr"]
[EventRounds "2"]
[SourceDate "2004.??.??"]

1. c4 Nf6 2. Nc3 e5 3. Nf3 Nc6 4. g3 d5 5. cxd5 Nxd5 6. Bg2 Nb6 7. O-O Be7 8.
a3 O-O 9. b4 Be6 10. Rb1 a6 11. d3 f5 12. Bb2 Qd6 13. Nd2 Rad8 14. Nb3 Nd7 15.
Nd2 Nb6 16. Nb3 Nd7 17. Nd2 Nb6 18. Nb3 Nd7 1/2-1/2

[Event "14PCR_PF04"]
[Site "?"]
[Date "2003.??.??"]
[Round "?"]
[White "Goc, Pavel"]
[Black "Janecek, Josef"]
[Result "0-1"]
[WhiteElo "2215"]
[BlackElo "2185"]
[PlyCount "82"]
[EventDate "2003.??.??"]
[EventType "corr"]
[EventRounds "2"]
[SourceDate "2004.??.??"]

1. e4 c5 2. c3 d5 3. exd5 Qxd5 4. d4 e5 5. dxe5 Qxd1+ 6. Kxd1 Nc6 7. f4 f6 8.
Nf3 Bg4 9. Bb5 O-O-O+ 10. Ke2 Nge7 11. exf6 gxf6 12. h3 Nf5 13. Kf2 Bxf3 14.
gxf3 c4 15. Bxc4 Bc5+ 16. Kg2 Rhe8 17. h4 Na5 18. Bf7 Re7 19. b4 Rxf7 20. bxc5
Rg7+ 21. Kf2 Nc4 22. h5 h6 23. a4 Rdg8 24. Ke2 Na5 25. Kd3 Rd8+ 26. Kc2 Rg2+
27. Nd2 Nc4 28. Kb3 Nxd2+ 29. Bxd2 Rdxd2 30. Rhg1 Rb2+ 31. Kc4 Ne3+ 32. Kd3
Rbd2+ 33. Ke4 f5+ 34. Ke5 Rd5+ 35. Kf6 Rxc5 36. Rxg2 Nxg2 37. Kg6 Rc6+ 38. Kxf5
Rc5+ 39. Kg6 Nxf4+ 40. Kxh6 Rxh5+ 41. Kg7 Ra5 0-1

[Event "14PCR_PF04"]
[Site "?"]
[Date "2003.??.??"]
[Round "?"]
[White "Malinovsky, Leo"]
[Black "Houdek, Vladimir"]
[Result "0-1"]
[WhiteElo "1915"]
[BlackElo "2105"]
[PlyCount "68"]
[EventDate "2003.??.??"]
[EventType "corr"]
[EventRounds "2"]
[SourceDate "2004.??.??"]

1. d4 d5 2. c4 dxc4 3. e4 e5 4. Nf3 exd4 5. Bxc4 Nc6 6. O-O Be6 7. Bxe6 fxe6 8.
Qb3 Qd7 9. Qxb7 Rb8 10. Qa6 Nf6 11. e5 Ng4 12. Rd1 Ngxe5 13. Nxe5 Nxe5 14. Qxa7
Nc6 15. Qa4 Kf7 16. Na3 Rb4 17. Qc2 Qd5 18. b3 Be7 19. Nc4 Qf5 20. Qxf5+ exf5
21. Rd3 Rb7 22. Bb2 Bf6 23. Kf1 Rhb8 24. h3 Re8 25. a3 Re6 26. Rad1 Rb8 27. g4
Kg6 28. f4 h6 29. Kf2 Re4 30. Kf3 Ree8 31. Rc1 Nd8 32. Ne5+ Bxe5 33. fxe5 Ne6
34. Rc6 fxg4+ 0-1

[Event "14PCR_PF04"]
[Site "?"]
[Date "2003.??.??"]
[Round "?"]
[White "Malinovsky, Leo"]
[Black "Petricek, Jiri"]
[Result "0-1"]
[WhiteElo "1915"]
[BlackElo "1875"]
[PlyCount "82"]
[EventDate "2003.??.??"]
[EventType "corr"]
[EventRounds "2"]
[SourceDate "2004.??.??"]

1. d4 d5 2. c4 dxc4 3. e4 e5 4. Nf3 exd4 5. Bxc4 Bb4+ 6. Nbd2 c5 7. Ne5 Nh6 8.
Nd3 Bxd2+ 9. Bxd2 Nd7 10. O-O O-O 11. Bxh6 gxh6 12. Qd2 Qf6 13. Bd5 Qd6 14. b4
cxb4 15. Qf4 Qxf4 16. Nxf4 Rd8 17. Rfd1 b3 18. axb3 Nc5 19. Rxd4 Nxb3 20. Bxb3
Rxd4 21. Nd5 Be6 22. f3 Rd2 23. Nc7 Rc8 24. Nxe6 Rc3 25. Rb1 fxe6 26. Bxe6+ Kg7
27. h4 Rc7 28. f4 b6 29. Kh2 Rcc2 30. Bh3 Rc4 31. Re1 a5 32. Kg3 a4 33. Kg4 b5
34. Kh5 a3 35. Be6 Ra4 36. g3 b4 37. e5 a2 38. Ra1 Ra3 39. f5 Re2 40. Rxa2
Raxa2 41. Bxa2 Rxa2 0-1

[Event "14PCR_PF04"]
[Site "?"]
[Date "2003.??.??"]
[Round "?"]
[White "Houdek, Vladimir"]
[Black "Goc, Pavel"]
[Result "1/2-1/2"]
[WhiteElo "2105"]
[BlackElo "2215"]
[PlyCount "56"]
[EventDate "2003.??.??"]
[EventType "corr"]
[EventRounds "2"]
[SourceDate "2004.??.??"]

1. c4 Nf6 2. Nc3 d5 3. cxd5 Nxd5 4. g3 e5 5. Bg2 Nb6 6. Nf3 Nc6 7. O-O Be7 8.
a3 O-O 9. b4 Be6 10. Rb1 f6 11. d3 a5 12. b5 Nd4 13. Nd2 Bd5 14. Nxd5 Nxd5 15.
Bb2 a4 16. e4 Nb6 17. Bxd4 Qxd4 18. Nf3 Qc5 19. Rc1 Qxb5 20. Rxc7 Bxa3 21. d4
Bd6 22. Rc1 Rfd8 23. Rb1 Qc6 24. Qe2 Nc4 25. Bh3 Bc7 26. d5 Qa6 27. Be6+ Kh8
28. Nh4 g6 1/2-1/2

[Event "14PCR_PF04"]
[Site "?"]
[Date "2003.??.??"]
[Round "?"]
[White "Janecek, Josef"]
[Black "Kuchta, Jiri"]
[Result "1/2-1/2"]
[WhiteElo "2185"]
[BlackElo "2215"]
[PlyCount "102"]
[EventDate "2003.??.??"]
[EventType "corr"]
[EventRounds "2"]
[SourceDate "2004.??.??"]

1. e4 c5 2. Nf3 Nc6 3. Nc3 Nf6 4. Bb5 a6 5. Bxc6 dxc6 6. h3 g6 7. d3 Bg7 8. Be3
Nd7 9. Qd2 h6 10. d4 cxd4 11. Bxd4 e5 12. Be3 Qc7 13. O-O-O Qa5 14. Kb1 Bf8 15.
Qe2 Be7 16. Nd2 Qc7 17. Nb3 b5 18. Qd2 a5 19. Bxh6 Nb6 20. Be3 a4 21. Nc5 Nc4
22. Qc1 Nxe3 23. Qxe3 Qa7 24. Nd3 Qxe3 25. fxe3 b4 26. Ne2 f6 27. g4 c5 28. c4
Ra6 29. b3 Bf8 30. Nec1 Rh7 31. Kc2 axb3+ 32. axb3 Bb7 33. Nf2 Bh6 34. Kd2 Bg5
35. Ke2 Bh4 36. Ncd3 Ra3 37. Nxc5 Ra2+ 38. Rd2 Rxd2+ 39. Kxd2 Bxf2 40. Nxb7
Rxb7 41. h4 g5 42. h5 Ra7 43. c5 Kf7 44. Kd3 Rd7+ 45. Ke2 Bh4 46. Rd1 Rc7 47.
Rd5 Ke6 48. Kd3 Bf2 49. Ke2 Bh4 50. Kd3 Bf2 51. Ke2 Bh4 1/2-1/2

[Event "14PCR_PF04"]
[Site "?"]
[Date "2003.??.??"]
[Round "?"]
[White "Bednarik, Radovan"]
[Black "Rychtecky, Pavel"]
[Result "1/2-1/2"]
[WhiteElo "2190"]
[BlackElo "2200"]
[PlyCount "82"]
[EventDate "2003.??.??"]
[EventType "corr"]
[EventRounds "2"]
[SourceDate "2004.??.??"]

1. d4 Nf6 2. c4 e6 3. Nc3 Bb4 4. Nf3 c5 5. e3 Nc6 6. Be2 cxd4 7. exd4 d5 8. O-O
O-O 9. Bg5 dxc4 10. Bxc4 a6 11. Rc1 Be7 12. Bb3 h6 13. Be3 Na5 14. Bc2 Nc4 15.
Qe2 b5 16. Ne4 Nd7 17. Bd3 Nxe3 18. fxe3 Bb7 19. a3 Qa5 20. Ra1 Rac8 21. b4 Qc7
22. Nc5 Bxc5 23. bxc5 Bc6 24. a4 bxa4 25. Nd2 Rb8 26. Nc4 Bb5 27. Nd6 Qc6 28.
Rfb1 Bxd3 29. Qxd3 Nf6 30. Qc2 Rfd8 31. Rxb8 Rxb8 32. Rxa4 Ne8 33. Nc4 Rb1+ 34.
Qxb1 Qxa4 35. Ne5 Nf6 36. h3 Qa3 37. Nc4 Qc3 38. c6 Qxc4 39. Qb8+ Kh7 40. c7
Qc1+ 41. Kh2 Qe1 1/2-1/2

[Event "14PCR_PF04"]
[Site "?"]
[Date "2003.??.??"]
[Round "?"]
[White "Petricek, Jiri"]
[Black "Bednarik, Radovan"]
[Result "0-1"]
[WhiteElo "1875"]
[BlackElo "2190"]
[PlyCount "44"]
[EventDate "2003.??.??"]
[EventType "corr"]
[EventRounds "2"]
[SourceDate "2004.??.??"]

1. e4 d5 2. exd5 Nf6 3. c4 c6 4. dxc6 Nxc6 5. Be2 e5 6. Nf3 e4 7. Ng5 h6 8.
Nxf7 Kxf7 9. O-O Nd4 10. Bh5+ g6 11. Be2 Nxe2+ 12. Qxe2 Qd4 13. Kh1 Be6 14. a4
Bxc4 15. d3 Bxd3 16. Rd1 Bc5 17. Qe3 Qe5 18. Qh3 Bxf2 19. Nc3 Rad8 20. Bxh6 g5
21. g3 e3 22. Kg2 Bf5 0-1

[Event "14PCR_PF04"]
[Site "?"]
[Date "2003.??.??"]
[Round "?"]
[White "Rychtecky, Pavel"]
[Black "Janecek, Josef"]
[Result "1/2-1/2"]
[WhiteElo "2200"]
[BlackElo "2185"]
[PlyCount "91"]
[EventDate "2003.??.??"]
[EventType "corr"]
[EventRounds "2"]
[SourceDate "2004.??.??"]

1. e4 c5 2. Nf3 Nc6 3. d4 cxd4 4. Nxd4 Nf6 5. Nc3 e5 6. Ndb5 d6 7. Bg5 a6 8.
Na3 b5 9. Bxf6 gxf6 10. Nd5 Bg7 11. Bd3 Ne7 12. Nxe7 Qxe7 13. c3 f5 14. O-O O-O
15. Qh5 f4 16. Nc2 h6 17. a4 bxa4 18. Rxa4 a5 19. b4 Qc7 20. c4 Be6 21. b5 Ra7
22. Na1 Rfa8 23. Nb3 Qb6 24. Rfa1 Qc7 25. Qf3 Kh7 26. Qd1 Qb6 27. Qe1 Bf6 28.
Rxa5 Rxa5 29. Rxa5 Rxa5 30. Qxa5 Bd8 31. Qxb6 Bxb6 32. Kf1 Kg6 33. g3 fxg3 34.
hxg3 Kf6 35. Kg2 Ke7 36. f4 exf4 37. gxf4 Bg4 38. Kg3 Bd1 39. Nc1 Be3 40. Be2
Bxc1 41. Bxd1 Be3 42. Bg4 f6 43. Kf3 Bd4 44. Bh3 Kd8 45. Be6 Kc7 46. Bd5
1/2-1/2